01221nam a2200241Ia 4500001000900000003001000009008004100019040002500060041001300085100002700098245004800125250001100173260007700184300001200261500017600273501011400449520017600563650002900739942000700768957000600775999004000781952015800821L010-118IT-CnALBA170116s9999||||xx |||||||||||||| ||und|| aIT-CnALBAcIT-CnALBA aITALIANO aREDAZIONE DI "LETTURE" 0aSEGNALATORE LIBRARIO 1962 PER LA NARRATIVA  a1a ed. aMILANObLETTURE EDIZIONI c1962 [1° Ed.:1962 - Ed.Ling.Originale: 1962] a607 p.  aCOLLANE DI NARRATIVA. CLASSIFICAZIONE DEI LIBRI GIALLI. RASSEGNA CRITICA DEL LIBRO E DELLO SPETTACOLO. INDIRIZZO DI CASE EDITRICI. INDICE DEGLI AUTORI. INDICE PER TITOLO.  aSocietà San Paolo EM - Piazza San Paolo, 14 - 12051 ALBA (CN) (non commercial uses only) ® Copyright 2017 aCOLLANE DI NARRATIVA. CLASSIFICAZIONE DEI LIBRI GIALLI. RASSEGNA CRITICA DEL LIBRO E DELLO SPETTACOLO. INDIRIZZO DI CASE EDITRICI. INDICE DEGLI AUTORI. INDICE PER TITOLO.  aBIBLIOGRAFIE E CATALOGHI cBK 71 a217bNOg Copie: 1 c259355d259355 0010406L_01011871aALBAbALBAd2017-01-16l0oL010-118r2017-01-16 00:00:00w2017-01-16yBKz(data import: 16 gennaio 2017) - By Epidotti, Vaglietti.